000 00422nam a2200181Ia 4500
001 16276
005 20260306170257.0
008 260306t1997||||xx |||||||||||||| ||und||
041 _aESP
082 _a347.51L
_bA91
100 _aAvelino Sánchez, Esteban
_eAUT
245 0 _aNueva ley 26887 general de sociedades
260 _c1997
300 _a
_c
650 _aGEN
654 _aCDE
942 _cLIB
_dJUS
_fJUS
_2ddc
_n
999 _c16276
_d16276